000 01537nam a2200445 i 4500
001 24385
003 KOSZ 005
005 20200522144228.0
008 200521s pl f 000 0 pol d
020 _a8386272082
040 _cKOSZ 005
_aKOSZ 005
_dKOSZ 005/AR
046 _k1994
080 _a624.19
080 _a624.131
080 _a(075.8)
100 1 _aGlinicki, Stanisław Paweł
_d(1921-2008)
_eAutor
245 1 0 _aBudowle podziemne /
_cStanisław Paweł Glinicki.
260 _aBiałystok :
_bWydawnictwa Politechniki Białostockiej,
_c1994.
300 _a183 stron :
_bilustracje ;
_c23 cm.
336 _aTekst
_btxt
_2rdacontent
337 _aBez urządzenia pośredniczącego
_bn
_2rdamedia
338 _aWolumin
_bnc
_2rdacarrier
380 _aKsiążki
380 _aPublikacje dydaktyczne
380 _aPublikacje naukowe
385 _mPoziom nauczania
_aSzkoły wyższe
388 _a1901-2000
388 _a1989-2000
490 1 _aSkrypty / Politechnika Białostocka
504 _aBibliografia na stronach 182-183.
650 7 _aBudownictwo podziemne
650 9 _aMechanika gruntów
655 _aPodręczniki akademickie
658 _aArchitektura i budownictwo
658 _aInżynieria i technika
710 _4pbl
_aWydawnictwa Politechniki Białostockiej
830 0 _aSkrypty - Politechnika Białostocka
856 _uhttp://koha.tu.koszalin.pl/cgi-bin/koha/opac-detail.pl?biblionumber=24385
_yKatalog online BPK
942 _cKS
_2UKD
999 _c24385
_d24385